000 00287nam a22001337a 4500
008 170628b xxu||||| |||| 00| 0 eng d
020 _a9780835910408
041 _aeng
080 _22ND
_a05
100 _a21
101 _aGJL
245 _aPRACTICAL ENGLISH
_cOWEN,M
942 _2udc
_cBK
999 _c19360
_d19360